Movies Quiz

Random Movies or Disney Quiz
Score 0/252 Timer 12:00
2 Plays Today
% Correct
a
98.4%
a
98.4%
a
98.4%
a
98.4%
a
98.4%
a
98.4%
a
98.4%
a
98.4%
a
98.4%
a
98.4%
a
98.4%
the
95.6%
the
95.6%
the
95.6%
the
95.6%
the
95.6%
the
95.6%
the
95.6%
The
95.6%
the
95.6%
the
95.6%
the
95.6%
The
95.6%
the
95.6%
the
95.6%
the
95.6%
the
95.6%
be
94.4%
be
94.4%
be
94.4%
in
92.1%
in
92.1%
in
92.1%
in
92.1%
in
92.1%
on
91.6%
time,
91.4%
time
91.4%
time.
91.4%
Prince
90.6%
Prince
90.6%
Prince
90.6%
Prince
90.6%
castle.
89.7%
castle
89.7%
castle
89.7%
castle,
89.7%
Beast
89.2%
Beast
89.2%
Beast
89.2%
Beast?
89.2%
Once
89.1%
upon
88.7%
an
86.8%
an
86.8%
he
85.8%
he
85.8%
he
85.8%
he
85.8%
he
85.8%
love
85.1%
love
85.1%
love
85.1%
love...
85.1%
rose
85%
rose
85%
rose,
85%
to
84.8%
to
84.8%
to
84.8%
to
84.8%
to
84.8%
to
84.8%
to
84.8%
to
84.8%
was
83.8%
was
83.8%
was
83.8%
was
83.8%
and
83.7%
and
83.7%
and
83.7%
And
83.7%
And
83.7%
% Correct
and
83.7%
and
83.7%
and
83.7%
and
83.7%
lived
83.7%
lived
83.7%
for
82.6%
for
82.6%
for
82.6%
for
82.6%
For
82.6%
there
82.3%
there.
82.3%
woman
80.8%
woman
80.8%
she
80.8%
she
80.8%
she
80.8%
she
80.8%
old
80.6%
old
80.6%
old
80.6%
who
79.7%
who
79.7%
ever
76.4%
land,
76.1%
could
75.7%
could
75.7%
as
74.7%
as
74.7%
As
74.7%
all
74.1%
all
74.1%
all
74.1%
no
73.9%
beautiful
73.8%
him
73.5%
him
73.5%
him
73.5%
of
73.3%
her
71.9%
her
71.9%
his
71.4%
his
71.4%
his
71.4%
his
71.4%
his
71.4%
his
71.4%
spell
71%
spell
71%
away.
69.5%
away
69.5%
would
69.1%
would
69.1%
would
69.1%
her
68.9%
turned
68.5%
then,
68.1%
then
68.1%
young
68.1%
had
67.4%
had
67.4%
had
67.4%
faraway
66.8%
one
66.7%
not
66.5%
not,
66.5%
learn
66.3%
learn
66.3%
petal
66.1%
into
66%
into
66%
it
65.5%
But
65.4%
But
65.4%
but
65.4%
heart
65.3%
heart.
65.3%
night,
64.8%
return
64.8%
return,
64.8%
If
64.6%
If
64.6%
from
63.9%
% Correct
came
62.5%
Beauty
62.1%
fell,
62%
fell
62%
by
61.8%
by
61.8%
by
61.8%
that
61.2%
is
61%
shelter
60.6%
last
60.6%
cold.
60.3%
offered
59.6%
offered
59.6%
too
58.2%
broken.
57.8%
enchanted
56.9%
single
56.7%
enchantress.
56.4%
when
55.9%
with
55.8%
year.
54.1%
beggar
52.5%
late,
52.2%
remain
51.8%
selfish,
51.4%
magic
50.9%
seen
49.6%
appearance,
49.4%
at
48.8%
bitter
48.7%
hideous
48.5%
years
47.1%
warned
47.1%
transformed
46.7%
tried
46.1%
everything
45.6%
another,
44%
passed,
43.7%
desired,
43.4%
only
43.2%
within.
43%
reveal
42.8%
despair,
42.4%
twenty-first
42.2%
spoiled,
42%
until
41.9%
placed
41.8%
earn
41.8%
found
41.7%
Although
41.6%
unkind.
40.5%
appearances,
40.3%
doomed
40.3%
hope.
40.3%
again,
40.1%
haggard
40%
lost
39.8%
world.
39.1%
apologize,
38.9%
Repulsed
38.4%
outside
38.3%
deceived
38.1%
bloom
37.2%
mirror
37%
melted
36.7%
truly
36.5%
gift,
35.7%
which
35.4%
shining
35.4%
winter's
35.4%
punishment,
34.2%
sneered
32.7%
inside
32.3%
woman's
32%
window
31.2%
powerful
29.8%
himself
29.1%
ugliness
28.8%
Ashamed
27.9%
form,
25.9%
dismissed
25.9%
monstrous
24.6%
concealed
20.6%
Remove Ads.
Support Sporcle.
Get the best of Sporcle when you Go Orange. This ad-free experience offers more features, more stats, and more fun while also helping to support Sporcle. Thank you for becoming a member.

You're not logged in!

Compare scores with friends on all Sporcle quizzes.
OR
Log In

Show Comments

Extras

Top Quizzes Today


Score Distribution

Your Account Isn't Verified!

In order to create a playlist on Sporcle, you need to verify the email address you used during registration. Go to your Sporcle Settings to finish the process.

Report this User

Report this user for behavior that violates our Community Guidelines.

Details: